| 000 | 01371nmc a2200469 a 4500 | ||
|---|---|---|---|
| 003 | AR-BaBNM | ||
| 005 | 20251128210223.0 | ||
| 008 | 199019s1998 ||||||||||||||000 | spa|| | ||
| 020 | _a950-550-251-6 | ||
| 040 | _cAR-BaBNM | ||
| 245 | 1 | 0 |
_aInterdisciplina para armar _bplástica, poesía, matemática y filosofía |
| 260 |
_aBuenos Aires _bMagisterio del Río de la Plata _c1998 |
||
| 300 |
_a160 p. _bil. |
||
| 490 | 0 | _aRespuestas educativas. Eureka | |
| 504 | _aContiene referencias bibliográficas p. 156 | ||
| 600 | 1 | 4 | _aCortázar, Julio |
| 600 | 1 | 4 | _aBorges, Jorge Luis |
| 600 | 1 | 4 | _aNeruda, Pablo |
| 600 | 1 | 4 | _aCastillo, Catulo |
| 600 | 1 | 4 | _aManrique, Jorge |
| 600 | 1 | 4 | _aCarroll, Lewis |
| 600 | 1 | 4 | _aGoethe, Johann Wolfgang von |
| 650 | 4 | _aINTERDISCIPLINARIEDAD | |
| 650 | 4 | _aCURRICULO | |
| 650 | 4 | _aENFOQUE INTERDISCIPLINARIO | |
| 650 | 4 | _aARTES PLASTICAS | |
| 650 | 4 | _aPOESIA | |
| 650 | 4 | _aMATEMATICA | |
| 650 | 4 | _aFILOSOFIA | |
| 650 | 4 | _aFILOSOFIA DE LA EDUCACION | |
| 650 | 4 | _aLENGUAJE | |
| 650 | 4 | _aPAPEL DEL LENGUAJE | |
| 650 | 4 | _aACTIVIDADES | |
| 650 | 4 | _aMETODOS DE ENSENANZA | |
| 700 | 1 | _aPalacios, Alfredo Raúl | |
| 700 | 1 | _aOndarçuhu, Laura E. de | |
| 700 | 1 | _aPalacios, Alberto G. | |
| 700 | 1 | _aBosio, Mónica B. | |
| 800 | 1 |
_aStarico de Accomo, Mabel N. _edirector |
|
| 942 | _cBK | ||
| 998 | _cRaquel | ||
| 999 |
_c14563 _d14563 |
||